Guess the Artist - Statistics

General Stats
  • This quiz has been taken 513 times
    506 since last reset
  • The average score is 146 of 425
Answer Stats
Date Song Artist % Correct
Billie Jean Michael Jackson
85%
Bohemian Rhapsody Queen
85%
Smells Like Teen Spirit Nirvana
83%
Dancing Queen ABBA
82%
The Real Slim Shady Eminem
80%
All I Want For Christmas Is You Mariah Carey
79%
Livin' on a Prayer Bon Jovi
78%
Africa Toto
78%
Sweet Child O' Mine Guns N' Roses
77%
Wrecking Ball Miley Cyrus
77%
2011 Rolling in the Deep Adele
76%
Purple Rain Prince
76%
1987 Never Gonna Give You Up Rick Astley
76%
Stayin' Alive Bee Gees
75%
1976 Hotel California Eagles
75%
Rocket Man Elton John
75%
Highway to Hell AC/DC
74%
Material Girl Madonna
74%
Wonderwall Oasis
74%
1970 Let It Be The Beatles
74%
Jailhouse Rock Elvis Presley
73%
Bad Romance Lady Gaga
73%
Gangnam Style PSY
73%
Umbrella Rihanna
73%
1985 Take On Me a-ha
72%
Single Ladies Beyoncé
72%
Born In The U.S.A. Bruce Springsteen
72%
2017 Shape of You Ed Sheeran
72%
Toxic Britney Spears
71%
My Heart Will Go On Céline Dion
71%
2008 Viva La Vida Coldplay
71%
2001 Still D.R.E. Dr. Dre
71%
1971 Stairway to Heaven Led Zeppelin
71%
Another Brick in the Wall, Pt. 2 Pink Floyd
70%
Californication Red Hot Chili Peppers
70%
1992 I Will Always Love You Whitney Houston
70%
Every Breath You Take The Police
69%
Piano Man Billy Joel
68%
Imagine John Lennon
68%
Y.M.C.A. Village People
68%
Rehab Amy Whinehouse
67%
Losing My Religion R.E.M.
67%
1810 Für Elise Ludwig van Beethoven
66%
Creep Radiohead
65%
Livin' La Vida Loca Ricky Martin
65%
I Want It That Way Backstreet Boys
64%
Don't Stop Believin' Journey
64%
Girls Just Want To Have Fun Cyndi Lauper
63%
Happy Pharrell Williams
63%
Wannabe Spice Girls
63%
Paint It, Black The Rolling Stones
63%
Gangsta's Paradise Coolio
62%
Sweet Dreams (Are Made of This) Eurythmics
62%
Careless Whisper George Michael
62%
TiK ToK Kesha
62%
1963 Surfin' U.S.A. The Beach Boys
62%
Wake Me Up Before You Go-Go Wham!
62%
bad guy Billie Eilish
61%
1964 Fly Me to the Moon Frank Sinatra
61%
Old Town Road Lil Nas X
61%
1990 U Can't Touch This MC Hammer
61%
2003 Hey Ya! OutKast
61%
Chandelier Sia
61%
The Sound of Silence Simon & Garfunkel
61%
Zombie The Cranberries
61%
1967 Respect Aretha Franklin
60%
2004 Boulevard of Broken Dreams Green Day
60%
SexyBack Justin Timberlake
60%
1974 Sweet Home Alabama Lynyrd Skynyrd
60%
Waka Waka Shakira
60%
I Gotta Feeling The Black Eyed Peas
60%
California Dreamin' The Mamas & the Papas
59%
1725 The Four Seasons - Summer in G Minor Antonio Vivaldi
58%
Call Me Maybe Carly Rae Jepsen
58%
Mr. Brightside The Killers
58%
With Or Without You U2
58%
2009 Empire State Of Mind Jay-Z
57%
2020 Blinding Lights The Weeknd
57%
Seven Nation Army The White Stripes
57%
In da Club 50 Cent
56%
Somebody That I Used To Know Gotye
56%
What a Wonderful World Louis Armstrong
55%
In The Air Tonight Phil Collins
55%
Blank Space Taylor Swift
55%
House Of The Rising Sun The Animals
55%
Jump Van Halen
55%
Smoke on the Water Deep Purple
54%
Ring of Fire Johnny Cash
54%
1982 Eye of the Tiger Survivor
54%
Purple Haze The Jimi Hendrix Experience
54%
Sultans of Swing Dire Straits
53%
1978 I Will Survive Gloria Gaynor
53%
2005 Feel Good Inc Gorillaz
53%
Dream On Aerosmith
52%
Total Eclipse of the Heart Bonnie Tyler
52%
Thrift Shop Macklemore & Ryan Lewis
52%
2014 Anaconda Nicki Minaj
52%
Anarchy in the U.K. Sex Pistols
52%
God's Plan Drake
51%
2013 Dark Horse Katy Perry
51%
1991 Nothing Else Matters Metallica
51%
Should I Stay or Should I Go The Clash
51%
1792 Requiem in D Minor Wolfgang Amadeus Mozart
51%
1965 Like A Rolling Stone Bob Dylan
50%
Genie in a Bottle Christina Aguilera
50%
Sweet Caroline Neil Diamond
50%
1988 Straight Outta Compton N.W.A.
50%
1877 Swan Lake Pyotr Ilyich Tchaikovsky
50%
1972 Superstition Stevie Wonder
50%
2019 7 Rings Ariana Grande
48%
Johnny B. Goode Chuck Berry
48%
1977 Heroes David Bowie
48%
September Earth, Wind & Fire
48%
All of Me John Legend
48%
I'm a Believer The Monkees
48%
Fast Car Tracy Chapman
48%
Song 2 Blur
47%
Oh, Pretty Woman Roy Orbison
47%
Baba O'Riley The Who
47%
Paranoid Black Sabbath
46%
1980 Call Me Blondie
46%
1856 Ride of the Valkyries Richard Wagner
46%
1984 What's Love Got to Do With It Tina Turner
46%
Wake Me Up Avicii
45%
Rebel Yell Billy Idol
45%
Levitating Dua Lipa
45%
Bring Me to Life Evanescence
45%
The Chain Fleetwood Mac
45%
In the End Linkin Park
45%
2012 Payphone Maroon 5
45%
These Boots Are Made for Walkin' Nancy Sinatra
45%
Bitter Sweet Symphony The Verve
45%
Fortunate Son Creedence Clearwater Revival
44%
Pour Some Sugar on Me Def Leppard
44%
As It Was Harry Styles
44%
Summertime Sadness Lana Del Rey
44%
Down Under Men at Work
44%
Counting Stars OneRepublic
44%
Riders on the Storm The Doors
44%
Free Fallin' Tom Petty
44%
2010 Just The Way You Are Bruno Mars
43%
WAP Cardi B
43%
You're The One That I Want Olivia Newton-John
43%
Crazy Train Ozzy Osbourne
43%
Friday I'm in Love The Cure
43%
Blitzkrieg Bop The Ramones
43%
Stressed Out Twenty One Pilots
43%
Hungry Like the Wolf Duran Duran
42%
2015 Love Yourself Justin Bieber
42%
Footloose Kenny Loggins
42%
1973 Let's Get It On Marvin Gaye
42%
Brown Eyed Girl Van Morrison
42%
Everlong Foo Fighters
41%
Tainted Love Soft Cell
41%
Black Hole Sun Soundgarden
41%
I Was Made For Lovin' You KISS
40%
Hallelujah Leonard Cohen
40%
I'd Do Anything for Love Meat Loaf
40%
1968 The Dock of the Bay Otis Redding
40%
Killing in the Name Rage Against The Machine
40%
Du hast Rammstein
40%
Da Ya Think I'm Sexy? Rod Stewart
40%
Born to Be Wild Steppenwolf
40%
You Really Got Me The Kinks
40%
1947 White Christmas Bing Crosby
39%
All the Small Things blink-182
39%
More Than a Feeling Boston
39%
Come On Eileen Dexys Midnight Runners
39%
Believer Imagine Dragons
39%
Psycho Killer Talking Heads
39%
Yeah! Usher
39%
Titanium David Guetta
38%
Mr. Blue Sky Electric Light Orchestra
38%
Carry on Wayward Son Kansas
38%
HUMBLE. Kendrick Lamar
38%
Ace of Spades Motörhead
38%
Do I Wanna Know? Arctic Monkeys
37%
Three Little Birds Bob Marley & The Wailers
37%
Personal Jesus Depeche Mode
37%
1945 La vie en rose Édith Piaf
37%
Killing Me Softly With His Song Fugees
37%
Great Balls Of Fire Jerry Lee Lewis
37%
1717 Cello Suite No. 1 in G Major Johann Sebastian Bach
37%
Sunflower Post Malone
37%
Loser Beck
36%
My Sweet Lord George Harrison
36%
1767 Messiah Georg Friedrich Händel
36%
1957 Tutti Frutti Little Richard
36%
Wind Of Change Scorpions
36%
Señorita Shawn Mendes
36%
Chop Suey! System of a Down
36%
Big Poppa The Notorious B.I.G.
35%
1998 Believe Cher
34%
Sunshine Of Your Love Cream
34%
Take Me Out Franz Ferdinand
34%
Barracuda Heart
34%
Walk On The Wild Side Lou Reed
34%
So What Pink
34%
Push It! Salt-N-Pepa
34%
I Want You Back The Jackson 5
34%
1989 Poison Alice Cooper
33%
Ain't No Sunshine Bill Withers
33%
Me and Bobby McGee Janis Joplin
33%
White Rabbit Jefferson Airplane
33%
1680 Canon in D Johann Pachelbel
33%
1939 Over the Rainbow Judy Garland
33%
All Night Long Lionel Richie
33%
Band on the Run Paul McCartney & Wings
33%
Even Flow Pearl Jam
33%
1961 Hit the Road Jack Ray Charles
33%
Stay With Me Sam Smith
33%
Gin and Juice Snoop Dogg
33%
The Power of Love Huey Lewis & the News
32%
Jack & Diane John Mellencamp
32%
Paper Planes M.I.A.
32%
Stand by Me Ben E. King
31%
1905 Clair de lune Claude Debussy
31%
Wonderful Tonight Eric Clapton
31%
I Want to Know What Love Is Foreigner
31%
1924 Rhapsody in Blue George Gershwin
31%
I Got You (I Feel Good) James Brown
31%
1867 The Blue Danube Johann Strauss II
31%
Heart Of Gold Neil Young
31%
Where Is My Mind? Pixies
31%
The Entertainer Scott Joplin
31%
La Grange ZZ Top
31%
Dynamite BTS
30%
1832 Nocturne Op. 9 No. 2 Frédéric Chopin
30%
Invisible Touch Genesis
30%
Love Will Tear Us Apart Joy Division
30%
Lucid Dreams Juice Wrld
30%
Photograph Nickleback
30%
La Bamba Ritchie Valens
30%
1981 Tom Sawyer Rush
30%
Sabotage Beastie Boys
29%
Hot Stuff Donna Summer
29%
1952 Singing in the Rain Gene Kelly
29%
Breaking the Law Judas Priest
29%
Are You Gonna Go My Way Lenny Kravitz
29%
Macarena Los del Río
29%
My Girl The Temptations
29%
It's Raining Men The Weather Girls
29%
Owner of a Lonely Heart Yes
29%
Let's Twist Chubby Checker
28%
2006 Crazy Gnarls Barkley
28%
2007 Stronger Kanye West
28%
1983 Islands in the Stream Kenny Rogers
28%
1979 The Smashing Pumpkins
28%
Happy Together The Turtles
28%
One More Time Daft Punk
27%
1953 That's Amore Dean Martin
27%
1875 Carmen Georges Bizet
27%
You Can't Hurry Love The Supremes
27%
SAD! XXXTentacion
27%
It Was a Good Day Ice Cube
26%
The Passenger Iggy Pop
26%
Need You Tonight INXS
26%
Kickstart My Heart Mötley Crüe
26%
1999 Maria Maria Santana
26%
Something Just Like This The Chainsmokers
26%
There Is a Light That Never Goes Out The Smiths
26%
Faded Alan Walker
25%
Happier Marshmello
25%
Blue Monday New Order
25%
1986 It's Tricky Run D.M.C.
25%
The Trooper Iron Maiden
24%
Virtual Insanity Jamiroquai
24%
Aqualung Jethro Tull
24%
Freak on a Leash Korn
24%
Fight The Power Public Enemy
24%
Turn! Turn! Turn! The Byrds
24%
2016 goosebumps Travis Scott
24%
Black and Yellow Wiz Khalifa
24%
That'll Be The Day Buddy Holly
23%
Father And Son Cat Stevens
23%
Attention Charlie Puth
23%
Gasolina Daddy Yankee
23%
Centuries Fall Out Boy
23%
1885 Hungarian Rhapsodies Franz Liszt
23%
Mask Off Future
23%
1995 Common People Pulp
23%
Close to You The Carpenters
23%
Because the Night Patti Smith
22%
Fly Like an Eagle Steve Miller Band
22%
The Kids Aren't Alright The Offspring
22%
Island in the Sun Weezer
22%
Old Time Rock & Roll Bob Seger
21%
X Gon' Give It To Ya DMX
21%
1956 Blueberry Hill Fats Domino
21%
My House Flo Rida
21%
1975 December, 1963 Frankie Valli & The Four Seasons
21%
You Make My Dreams (Come True) Hall & Oates
21%
The Beautiful People Marilyn Manson
21%
Night Changes One Direction
21%
The Weight The Band
21%
Let's Stay Together Al Green
20%
Man in the Box Alice In Chains
20%
1954 Rock Around The Clock Bill Haley & His Comets
20%
Savage Love Jason Derulo
20%
Mama Said Knock You Out LL Cool J
20%
Summer Calvin Harris
19%
If You Leave Me Now Chicago
19%
2021 Kiss Me More Doja Cat
19%
Symphony Of Destruction Megadeth
19%
Bad and Boujee Migos
19%
Uprising Muse
19%
American Woman The Guess Who
19%
Last Nite The Strokes
19%
Easy Commodores
18%
Young Dumb & Broke Khalid
18%
Green Onions Booker T. & The MG's
17%
No Role Modelz Jay Cole
17%
Psychosocial Slipknot
17%
C.R.E.A.M. Wu-Tang Clan
17%
Woman in Love Barbara Streisand
16%
No Rain Blind Melon
16%
I'm the One DJ Khaled
16%
1815 Il barbiere di Siviglia Gioachino Rossini
16%
1944 In the Mood Glenn Miller
16%
1868 Lullaby Johannes Brahms
16%
2018 Little Dark Age MGMT
16%
N.Y. State of Mind Nas
16%
Raining Blood Slayer
16%
Interstate Love Song Stone Temple Pilots
16%
How You Like That Blackpink
15%
1851 La donna è mobile Giuseppe Verdi
15%
2002 Work It Missy Elliott
15%
No One Knows Queens of the Stone Age
15%
Lose You to Love Me Selena Gomez
15%
Ramblin' Man The Allman Brothers
15%
Tití Me Preguntó Bad Bunny
14%
The Message Grandmaster Flash & the Furious Five
14%
1910 The Firebird Igor Stravinsky
14%
Get Down on It Kool & The Gang
14%
Lollipop Lil Wayne
14%
Closer Nine Inch Nails
14%
Walk Pantera
14%
Everyday People Sly & The Family Stones
14%
Santeria Sublime
14%
All I have to Do Is Dream The Everly Brothers
14%
I Wanna Be Your Dog The Stooges
14%
If I Ain't Got You Alicia Keys
13%
Like a Stone Audioslave
13%
Epic Faith No More
13%
Jane Says Jane's Addiction
13%
Mi Gente J Balvin
13%
1798 String Quartet No. 62 in C Major Joseph Haydn
13%
In Too Deep Sum 41
13%
Long Train Runnin' The Doobie Brothers
13%
Schism Tool
13%
1996 Ambitionz az a Ridah 2Pac
12%
Can I Kick It? A Tribe Called Quest
12%
1969 The Thrill Is Gone B.B. King
12%
Don't Stop the Party Pitbull
12%
Long Cool Woman The Hollies
12%
We'll Meet Again Vera Lynn
12%
Move On Up Curtis Mayfield
11%
2000 Only Time Enya
11%
Maggot Brain Funkadelic
11%
Under the Boardwalk The Drifters
11%
Rich Flex 21 Savage
10%
Army of Me Björk
10%
In the Hall of the Mountain King Edvard Grieg
10%
Drive Incubus
10%
1994 Lover, You Shold've Come Over Jeff Buckley
10%
Jerry Was a Race Car Driver Primus
10%
Sunday Morning The Velvet Underground
10%
Feeling Good Michael Bublé
9%
Roots Bloody Roots Sepultura
9%
Friend of the Devil The Grateful Dead
9%
I Don't Fuck With You Big Sean
8%
Under The Influence Chris Brown
8%
Giant Steps John Coltrane
8%
Mannish Boy Muddy Waters
8%
God's Country Blake Shelton
7%
1935 In A Sentimental Mood Duke Ellington
7%
Bobby Brown Goes Down Frank Zappa
7%
1827 4 Impromptus Franz Schubert
7%
1902 Symphony No. 5 Gustav Mahler
7%
1993 That's the Way Love Goes Janet Jackson
7%
Give up the Funk Parliament
7%
1936 Cross Road Blues Robert Johnson
7%
1937 Sing, Sing, Sing Benny Goodman
6%
Shameless Camila Cabello
6%
1607 L'Orfeo Claudio Monteverdi
6%
Paid in Full Eric B. & Rakim
6%
Cheek to Cheek Fred Astaire
6%
Smockestack Lightning Howlin' Wolf
6%
1962 Bring It On Home to Me Sam Cooke
6%
1934 Rhapsody on a Theme of Paganini Serguei Rachmaninoff
6%
Teen Age Riot Sonic Youth
6%
Heart Full of Soul The Yardbirds
6%
Break Ya Neck Busta Rhymes
5%
Welcome to Jamrock Damian Marley
5%
Pull Me Under Dream Theater
5%
Me Olvidé de Vivir Julio Iglesias
5%
Country Girl Luke Bryan
5%
Hawái Maluma
5%
1958 Tequila The Champs
5%
This Old Heart of Mine The Isley Brothers
5%
Land of 1000 Dances Wilson Pickett
5%
Lieder ohne Worte Felix Mendelssohn
4%
Waiting Room Fugazi
4%
1959 Blue in Green Miles Davis
4%
1979 Cruisin' Smokey Robinson
4%
1955 I'm A Man Bo Diddley
3%
If Tomorrow Never Comes Garth Brooks
3%
1881 Barcarolle Jacques Offenbach
3%
Harness Your Hopes Pavement
3%
China Anuel AA
2%
Blue Moon of Kentucky Bill Monroe
2%
Change Deftones
2%
When You Sleep My Bloody Valentine
2%
The Very Thought of You Nat King Cole
2%
Windowpane Opeth
2%
This Mess We're In PJ Harvey
2%
1997 Dig Up Her Bones The Misfits
2%
The Seed The Roots
2%
Kesariya Arijit Singh
1%
I'll Be Seeing You Billie Holiday
1%
1960 Christmas Island Ella Fitzgerald
1%
2022 Leão Marília Mendonça
1%
1966 Four Women Nina Simone
1%
Diles Ozuna
1%
1918 K-K-K-Katy Billy Murray
0%
No matching quizzes found
Score Distribution
Percent of People with Each Score
Percentile by Number Answered
Your Score History
You have not taken this quiz since the last reset